| 000 | 01130nam a2200301 c 4500 | ||
|---|---|---|---|
| 999 |
_c344747 _d344747 |
||
| 003 | BLK | ||
| 005 | 20210107040714.0 | ||
| 008 | 180911b bul|||||r ||||||| ||bul|| | ||
| 010 | _a004413 | ||
| 040 | _aBLK | ||
| 041 |
_aFRE _cBUL |
||
| 080 | _z101(091) | ||
| 100 | 1 |
_aPASCAL, Bles _eпърви автор _9399695 |
|
| 245 | 0 | 0 | _aPensees de Pascal |
| 246 | _aLe texte du manuscrit autographe | ||
| 260 |
_aParis _bEdit. Eugene Fasquelle _cs.a _fImpr. Emile Colin et C-ie |
||
| 300 |
_a613 с _c18 см |
||
| 380 | _a1 | ||
| 490 | _aBibl.-Charpentier | ||
| 490 |
_aЧастна колекция - Академик Михаил Арнаудов _gДарение - Основен фонд |
||
| 500 | _aМихаил Арнаудов: негови-книга, негови-лист. - Михаил Арнаудов: подпис. - Подчертавания в текста и коментари по полетата ; Отбелязва място в книгата : с. 136, 188. | ||
| 655 |
_aфилософия _9396704 |
||
| 700 | 1 |
_aPascal. Ред. Charles Louandre _9399696 |
|
| 852 | _aМА 3332 | ||
| 942 |
_cKNG _n0 _s1 |
||
| 944 |
_aCR _c1994 |
||
| 999 | _d344747 | ||